Dos and don'ts for e-tendering (Record no. 80898)
[ view plain ]
| 000 -LEADER | |
|---|---|
| fixed length control field | 00865cab a22001815a 4500 |
| 001 - CONTROL NUMBER | |
| control field | L145607 |
| 008 - FIXED-LENGTH DATA ELEMENTS--GENERAL INFORMATION | |
| fixed length control field | 081024s2008 xxka f 000 0 eng d |
| 035 ## - SYSTEM CONTROL NUMBER | |
| System control number | (Sirsi) u145607 |
| 041 0# - LANGUAGE CODE | |
| Language code of text/sound track or separate title | eng |
| 100 1# - MAIN ENTRY--PERSONAL NAME | |
| Personal name | Seah, Eugene |
| 245 04 - TITLE STATEMENT | |
| Title | Dos and don'ts for e-tendering |
| Remainder of title | a quantity surveying perspective |
| 260 ## - PUBLICATION, DISTRIBUTION, ETC. | |
| Date of publication, distribution, etc. | 2008 |
| 490 ## - SERIES STATEMENT | |
| Series statement | Project Control Professional |
| Volume/sequential designation | 46 (5) September 2008, 18-21 (4) |
| 520 ## - SUMMARY, ETC. | |
| Summary, etc. | Discusses how technologies and the Internet have an impact on tendering. Explains that it allow more productivity. Emphasises the need to manage e-tendering properly to avoid problems to both consultants and tenderers. Gives advice for best practice for e-tendering and issues to be considered by the quantity surveyors. Presents the Electronic Data Interchange Agreement. |
| 651 #4 - SUBJECT ADDED ENTRY--GEOGRAPHIC NAME | |
| Geographic name | United Kingdom |
| Chronological subdivision | |
| 690 ## - LOCAL SUBJECT ADDED ENTRY--TOPICAL TERM (OCLC, RLIN) | |
| Topical term or geographic name as entry element | Procurement |
| 9 (RLIN) | 6260 |
| 942 ## - ADDED ENTRY ELEMENTS (KOHA) | |
| Suppress in OPAC | 0 |
| Withdrawn status | Lost status | Source of classification or shelving scheme | Damaged status | Not for loan | Home library | Current library | Shelving location | Date acquired | Total Checkouts | Full call number | Barcode | Date last seen | Copy number | Price effective from | Koha item type |
|---|---|---|---|---|---|---|---|---|---|---|---|---|---|---|---|
| Dewey Decimal Classification | London | London | Journal article | 25/10/2008 | L145607 | 145607-1001 | 06/08/2019 | 1 | 06/08/2019 | Journal article |